| 000 | 00684nam a2200265 a 4500 | ||
|---|---|---|---|
| 003 | AR-BaBNM | ||
| 005 | 20251128202844.0 | ||
| 008 | 082120s2002 ||||||||||||||000 | spa|| | ||
| 020 | _a84-348-1302-5 | ||
| 040 | _cAR-BaBNM | ||
| 100 | 1 | _aZaurel, Stepán | |
| 245 | 0 | 0 | _aEl abuelo Tomás |
| 250 | _a3ª ed. | ||
| 260 |
_aMadrid _bEdiciones S.M. _c1987 |
||
| 300 |
_a24 p. _bil. |
||
| 490 | 0 |
_aCuentos de la torre y la estrella _vv. 12 |
|
| 650 | 4 | _aLIBROS PARA NIÑOS | |
| 650 | 4 | _aLITERATURA INFANTIL | |
| 653 | _aLITERATURA FANTASTICA | ||
| 653 | _aCUENTO MARAVILLOSO | ||
| 655 | _aLITERATURA | ||
| 700 | 1 |
_aTerzi, Marinella _etraductor |
|
| 942 | _cBK | ||
| 998 | _cMARTIN | ||
| 999 |
_c900 _d900 |
||